[Event "SVK-chT2B 1112"]
[Site "Slovakia"]
[Date "2012.01.29"]
[Round "9.4"]
[White "Cyprian, Marian"]
[Black "Urban, Gabor"]
[Result "1-0"]
[WhiteElo "1919"]
[BlackElo "1993"]
[PlyCount "105"]
[EventDate "2011.10.08"]
[EventType "team-tourn"]
[EventRounds "11"]
[EventCountry "SVK"]
[SourceTitle "EXT 2013"]
[Source "ChessBase"]
[SourceDate "2012.11.22"]
[SourceVersion "1"]
[SourceVersionDate "2012.11.22"]
[SourceQuality "1"]
[WhiteTeam "Belusa Hermes"]
[BlackTeam "Batorove Kosihy"]
[WhiteTeamCountry "SVK"]
[BlackTeamCountry "SVK"]

1. d4 f5 2. g3 Nf6 3. Bg2 e6 4. Nh3 Be7 5. 0-0 0-0 6. c4 d5 7. b3 c6 8. Bb2 Bd6 9. e3 Nbd7 10. Nf4 Qe8 11. Nd3 Kh8 12. Nd2 g5 13. Nf3 Qg6 14. Nfe5 Bxe5 15. dxe5 Ne4 16. cxd5 cxd5 17. Ba3 Rg8 18. Rc1 b6 19. f3 Nec5 20. Bxc5 bxc5 21. Nxc5 Nxe5 22. Qd4 Qg7 23. f4 Ng4 24. Rfe1 Rb8 25. fxg5 e5 26. Qxd5 Qxg5 27. h3 Rd8 28. Qf3 Nf6 29. Red1 Rg8 30. Rc3 Ne4 31. Nxe4 fxe4 32. Qf2 Ba6 33. Bxe4 Rbf8 34. Qg2 Qxg3 35. Qxg3 Rxg3+ 36. Kh2 Rg7 37. Rg1 Rf2+ 38. Kh1 Rd7 39. Rc2 Rxc2 40. Bxc2 Bb7+ 41. e4 Rd2 42. Rg2 Rxc2 43. Rxc2 Bxe4+ 44. Rg2 Bxg2+ 45. Kxg2 Kg7 46. Kf3 Kf6 47. Ke3 Kg5 48. b4 Kh4 49. b5 Kxh3 50. a4 h5 51. a5 h4 52. b6 axb6 53. a6 1-0

[Event "SVK-chT2B 1112"]
[Site "Slovakia"]
[Date "2011.10.09"]
[Round "2.4"]
[White "Cyprian, Marian"]
[Black "Svaralova, Monika"]
[Result "1-0"]
[WhiteElo "1919"]
[BlackElo "2003"]
[PlyCount "93"]
[EventDate "2011.10.08"]
[EventType "team-tourn"]
[EventRounds "11"]
[EventCountry "SVK"]
[SourceTitle "EXT 2013"]
[Source "ChessBase"]
[SourceDate "2012.11.22"]
[SourceVersion "1"]
[SourceVersionDate "2012.11.22"]
[SourceQuality "1"]
[WhiteTeam "Belusa Hermes"]
[BlackTeam "Levice"]
[WhiteTeamCountry "SVK"]
[BlackTeamCountry "SVK"]

1. d4 Nf6 2. Nf3 e6 3. Bf4 c5 4. e3 d5 5. Nbd2 Nc6 6. c3 Be7 7. h3 0-0 8. Bd3 Re8 9. 0-0 Bd6 10. Bxd6 Qxd6 11. Bb5 a6 12. Bxc6 bxc6 13. Ne5 Nd7 14. f4 f6 15. Nxd7 Bxd7 16. Nf3 cxd4 17. cxd4 c5 18. Qd2 Rab8 19. b3 Rec8 20. Rfc1 Bb5 21. dxc5 Rxc5 22. Rxc5 Qxc5 23. Rc1 Qb6 24. Kf2 Bd7 25. Qd4 Qxd4 26. exd4 Rc8 27. Rxc8+ Bxc8 28. Ke3 Kf7 29. Ne1 h6 30. h4 g5 31. hxg5 hxg5 32. fxg5 fxg5 33. Nf3 Kf6 34. Ne5 Ke7 35. Kf3 Bd7 36. Kg4 Bb5 37. Kxg5 Be2 38. Kg6 Bd1 39. b4 Bc2+ 40. Kg7 Kd6 41. Kf6 Kc7 42. g4 Kb6 43. Kxe6 Kb5 44. a3 Be4 45. Kd6 Ka4 46. Kc5 Kxa3 47. g5 1-0

[Event "SVK-chT2B 0910"]
[Site "Slovakia"]
[Date "2009.10.10"]
[Round "1.7"]
[White "Cyprian, Marian"]
[Black "Kovac, Lubomir2222"]
[Result "1/2-1/2"]
[WhiteElo "1977"]
[BlackElo "1976"]
[PlyCount "122"]
[EventDate "2009.10.10"]
[EventType "team"]
[EventRounds "11"]
[EventCountry "SVK"]
[SourceTitle "EXT 2011"]
[Source "ChessBase"]
[SourceDate "2010.11.26"]
[SourceVersion "1"]
[SourceVersionDate "2010.11.26"]
[SourceQuality "1"]
[WhiteTeam "Belusa"]
[BlackTeam "Sala Slovan Duslo"]
[WhiteTeamCountry "SVK"]
[BlackTeamCountry "SVK"]

1. d4 Nf6 2. Nf3 e6 3. Bf4 d5 4. e3 c5 5. c3 Qb6 6. Qb3 c4 7. Qc2 Bd6 8. Ne5 Nbd7 9. Nd2 Qc7 10. Nxd7 Bxd7 11. Bxd6 Qxd6 12. e4 Ng4 13. h3 Nh6 14. Be2 b5 15. 0-0 dxe4 16. Nxe4 Qc7 17. Bf3 Bc6 18. Rfe1 0-0 19. Rad1 Rad8 20. Ng5 g6 21. Be4 Rd6 22. Qc1 Kg7 23. Bxc6 Qxc6 24. Re5 Rd5 25. Rde1 Re8 26. Rxd5 exd5 27. Nf3 f6 28. a3 Nf7 29. Nh2 Nd6 30. Ng4 Rxe1+ 31. Qxe1 Qe8 32. Qxe8 Nxe8 33. Ne3 Nc7 34. g4 Kf7 35. Kg2 Ke6 36. Kg3 Kd6 37. h4 Ne6 38. Ng2 h6 39. f4 g5 40. fxg5 fxg5 41. h5 Ng7 42. Ne1 Ne6 43. Ng2 Ng7 44. Ne3 Ke6 45. Kf3 Kd6 46. Ng2 Ne6 47. Ke3 Nd8 48. Ne1 Nc6 49. Nf3 Ke6 50. Ng1 Kd6 51. Ne2 Ke6 52. Kf3 Kf6 53. Ng3 Ne7 54. Nf1 Ke6 55. Ne3 Kd6 56. Nc2 Nc6 57. Ke3 Ke6 58. Kd2 Kd6 59. Nb4 Nb8 60. Ke3 a5 61. Nc2 Nc6 1/2-1/2

[Event "SVK-chT2B 0506"]
[Site "Slovakia"]
[Date "2006.03.12"]
[Round "11.6"]
[White "Cyprian, Marian"]
[Black "Podhorsky, Martin"]
[Result "1-0"]
[WhiteElo "1957"]
[BlackElo "1854"]
[PlyCount "59"]
[EventDate "2005.10.22"]
[EventType "team-tourn"]
[EventRounds "11"]
[EventCountry "SVK"]
[SourceTitle "EXT 2008"]
[Source "ChessBase"]
[SourceDate "2007.11.25"]
[SourceVersion "1"]
[SourceVersionDate "2007.11.25"]
[SourceQuality "1"]

1. d4 c6 2. Nf3 d5 3. Bf4 Bf5 4. Nbd2 Nf6 5. e3 e6 6. h3 Bd6 7. Ne5 Qc7 8. Bd3 Bg6 9. 0-0 Nbd7 10. Nxg6 hxg6 11. Bxd6 Qxd6 12. c4 g5 13. Be2 0-0-0 14. cxd5 exd5 15. b4 Rde8 16. Rb1 Ne4 17. Nxe4 Rxe4 18. b5 Nf6 19. bxc6 b6 20. Qa4 Kb8 21. c7+ Qxc7 22. Rfc1 Qd7 23. Bb5 Qf5 24. Bc6 Rxh3 25. Rxb6+ axb6 26. Qa8+ Kc7 27. Bxd5+ Kd7 28. Qc8+ Ke7 29. Qxf5 Reh4 30. gxh3 1-0

[Event "SVK-chT2B 0506"]
[Site "Slovakia"]
[Date "2005.12.18"]
[Round "6.6"]
[White "Kurtulik, Anton"]
[Black "Cyprian, Marian"]
[Result "0-1"]
[WhiteElo "1913"]
[BlackElo "1957"]
[PlyCount "88"]
[EventDate "2005.10.22"]
[EventType "team-tourn"]
[EventRounds "11"]
[EventCountry "SVK"]
[SourceTitle "EXT 2008"]
[Source "ChessBase"]
[SourceDate "2007.11.25"]
[SourceVersion "1"]
[SourceVersionDate "2007.11.25"]
[SourceQuality "1"]

1. d4 d5 2. c4 dxc4 3. Nc3 e5 4. e3 exd4 5. exd4 Nf6 6. Bxc4 c6 7. a4 Be7 8. h3 0-0 9. Nf3 Nbd7 10. 0-0 Nb6 11. Bd3 h6 12. Re1 a5 13. Bf4 Bb4 14. Qc1 Re8 15. Rxe8+ Nxe8 16. Bxh6 gxh6 17. Qxh6 Qf6 18. Bh7+ Kh8 19. Bg6+ Kg8 20. Bh7+ Kh8 21. Qh5 Ng7 22. Qg5 Qxg5 23. Nxg5 f6 24. Nge4 Kxh7 25. Nxf6+ Kg6 26. Nce4 Bf5 27. g4 Bxe4 28. Nxe4 Rd8 29. Rd1 Ne6 30. h4 Be7 31. h5+ Kh6 32. Kg2 Nd5 33. Re1 Ndf4+ 34. Kg3 Rxd4 35. g5+ Bxg5 36. Nxg5 Kxg5 37. Re5+ Kh6 38. Rxa5 Nxh5+ 39. Kf3 Nhf4 40. Re5 Rb4 41. b3 Kg6 42. Re3 Kf5 43. Kg3 Nd4 44. Kh4 Ng2+ 0-1

[Event "SVK-chT2B 0506"]
[Site "Slovakia"]
[Date "2005.12.17"]
[Round "5.6"]
[White "Cyprian, Marian"]
[Black "Kvassay, Peter"]
[Result "0-1"]
[WhiteElo "1957"]
[BlackElo "2046"]
[PlyCount "110"]
[EventDate "2005.10.22"]
[EventType "team-tourn"]
[EventRounds "11"]
[EventCountry "SVK"]
[SourceTitle "EXT 2008"]
[Source "ChessBase"]
[SourceDate "2007.11.25"]
[SourceVersion "1"]
[SourceVersionDate "2007.11.25"]
[SourceQuality "1"]

1. d4 Nf6 2. Nf3 e6 3. Bf4 d5 4. e3 Bd6 5. Bg5 Nbd7 6. Nbd2 0-0 7. Bd3 h6 8. Bh4 e5 9. dxe5 Nxe5 10. Nxe5 Bxe5 11. c3 Re8 12. 0-0 Bd6 13. Qf3 Be7 14. h3 Ne4 15. Bxe7 Qxe7 16. Nb3 c5 17. c4 dxc4 18. Bxc4 Bd7 19. Bd5 Ng5 20. Qg3 Rab8 21. Rfd1 b6 22. Rd2 Ba4 23. Qf4 Bd7 24. Rad1 Bxh3 25. Bxf7+ Qxf7 26. Qxf7+ Kxf7 27. gxh3 Nf3+ 28. Kg2 Nxd2 29. Rxd2 Rbd8 30. Rc2 Rd1 31. Rc4 Re6 32. Kf3 Rf6+ 33. Ke2 Rh1 34. Nd2 Rxh3 35. Ne4 Re6 36. Ng3 g5 37. Ra4 a5 38. Ra3 Kg6 39. Rd3 Rh4 40. Rd8 Rc4 41. Kd2 Rf6 42. Kd3 Rc1 43. Kd2 Ra1 44. Ne4 Re6 45. Nc3 h5 46. Rg8+ Kf5 47. f3 Rg1 48. e4+ Kf6 49. Ne2 Rg2 50. Ke3 h4 51. b3 Kf7 52. Rd8 h3 53. Rh8 h2 54. f4 Kg7 55. Kf3 Rxe2 0-1

[Event "SVK-chT2B 0506"]
[Site "Slovakia"]
[Date "2005.10.22"]
[Round "1.6"]
[White "Cyprian, Marian"]
[Black "Gyopos, Istvan"]
[Result "1/2-1/2"]
[WhiteElo "1957"]
[BlackElo "2113"]
[PlyCount "104"]
[EventDate "2005.10.22"]
[EventType "team-tourn"]
[EventRounds "11"]
[EventCountry "SVK"]
[SourceTitle "EXT 2008"]
[Source "ChessBase"]
[SourceDate "2007.11.25"]
[SourceVersion "1"]
[SourceVersionDate "2007.11.25"]
[SourceQuality "1"]

1. d4 f5 2. g3 e6 3. Bg2 Nf6 4. Nh3 Be7 5. 0-0 0-0 6. c4 d5 7. Qb3 c6 8. Bg5 h6 9. Bxf6 Bxf6 10. e3 g5 11. Nd2 Kg7 12. Rac1 Na6 13. a3 Rh8 14. Rfd1 Nc7 15. Qd3 h5 16. f4 g4 17. Nf2 h4 18. b3 hxg3 19. hxg3 Qe8 20. Nf1 Bd7 21. Qe2 Qg6 22. Nd3 Rad8 23. Kf2 Be7 24. Ne5 Qf6 25. c5 Be8 26. Nd2 Na6 27. b4 Nb8 28. Rh1 Nd7 29. Rxh8 Kxh8 30. Rh1+ Kg7 31. Nxd7 Bxd7 32. Rh2 Bc8 33. Qf1 Rh8 34. Rxh8 Kxh8 35. Qh1+ Kg7 36. Nb3 b6 37. Bf1 a5 38. cxb6 axb4 39. a4 c5 40. Bb5 c4 41. Na5 Bc5 42. b7 Bxb7 43. Bxc4 Bxd4 44. Qd1 dxc4 45. Nxb7 Bxe3+ 46. Kxe3 b3 47. Nd6 Qc3+ 48. Kf2 Qc2+ 49. Ke1 Qc3+ 50. Kf2 b2 51. Nb5 Qc1 52. Qd7+ Kh8 1/2-1/2